Las estadísticas de la educación / (Record no. 21304)

MARC details
000 -CABECERA
campo de control de longitud fija 00564nam a2200193 a 4500
005 - FECHA Y HORA DE LA ÚLTIMA TRANSACCIÓN
campo de control 20250524063828.0
008 - ELEMENTOS DE LONGITUD FIJA--INFORMACIÓN GENERAL
campo de control de longitud fija 991125s1968 bue 000 0 spa u
035 ## - NÚMERO DE CONTROL DEL SISTEMA
Número de control de sistema UPN01000021304
049 ## - COLECCIÓN
Colección CG
050 #4 - SIGNATURA TOPOGRÁFICA DE LA BIBLIOTECA DEL CONGRESO
Número de clasificación LB2846 M4.38
100 1# - ASIENTO PRINCIPAL--NOMBRE PERSONAL
Nombre de persona Meyer, Donald L.
245 14 - MENCIÓN DE TÍTULO
Título Las estadísticas de la educación /
Mención de responsabilidad, etc. Donald L. Meyer ; tr. Enrique Molina de Vadia
260 ## - PUBLICACIÓN, DISTRIBUCIÓN, ETC.
Lugar de publicación, distribución, etc. Buenos Aires :
Nombre del editor, distribuidor, etc. Troquel,
Fecha de publicación, distribución, etc. 1968
300 ## - DESCRIPCIÓN FÍSICA
Extensión 138 p
440 #0 - MENCIÓN DE SERIE/ASIENTO SECUNDARIO--TÍTULO
Título Biblioteca de la nueva educación
650 #4 - ASIENTO SECUNDARIO DE MATERIA - TERMINO TEMATICO
Término de materia o nombre geográfico como elemento de entrada Educación
Subdivisión de forma Estadística
9 (RLIN) 7284
904 ## - ELEMENTOS DE DATOS D LOCAL, LDD (RLIN)
a AC
b 021305
905 ## - TIPO DE MATERIAL
Tipo de material Libro
Holdings
Estado de retiro Estado de pérdida Fuente del sistema de clasificación o colocación Estado dañado No para préstamo Código de colección Localización permanente Ubicación/localización actual Ubicación en estantería Enumeración/cronología de publicación seriada Total de préstamos Clasificación Código de barras Fecha visto por última vez Número de copia Tipo de ítem Koha
    Library of Congress Classification     Colección General Bib. Gregorio Torres Quintero Bib. Gregorio Torres Quintero Planta baja - 4 LB2846 M4.38 15145 31/12/2020 1 Libro